OPAC Home

Our Living World (Record no. 135218)

MARC details
000 -LEADER
fixed length control field 00368nam a2200157Ia 4500
003 - CONTROL NUMBER IDENTIFIER
control field LK-CoDNM
008 - FIXED-LENGTH DATA ELEMENTS--GENERAL INFORMATION
fixed length control field 010623t xxu||||| |||| 00| 1 eng d
040 ## - CATALOGING SOURCE
Original cataloging agency LK-CoDNM
Modifying agency LK-CoDNM
Description conventions LK-CoDNM
041 ## - LANGUAGE CODE
Language code of text/sound track or separate title English
080 ## - UNIVERSAL DECIMAL CLASSIFICATION NUMBER
Universal Decimal Classification number 910 JAN
942 ## - ADDED ENTRY ELEMENTS (KOHA)
Koha item type Books
100 ## - MAIN ENTRY--PERSONAL NAME
Personal name Galappaththi, Janaki
245 ## - TITLE STATEMENT
Title Our Living World
260 ## - PUBLICATION, DISTRIBUTION, ETC. (IMPRINT)
Name of publisher, distributor, etc. British Council
300 ## - PHYSICAL DESCRIPTION
Other physical details 67p,ill, 21 cm
Holdings
Withdrawn status Lost status Damaged status Not for loan Collection code Permanent Location Current Location Date acquired Full call number Barcode Koha item type
        Monographs Library National Museum Colombo - Sri Lanka Library National Museum Colombo - Sri Lanka 2023-08-02 910 JAN P18923 Books
Copyright © 2023 Department of National Museum, Colombo 07, Sri Lanka Funded by UNESCO IFAP UNESCO